Iconic Chess Players - Statistics

General Stats
  • This quiz has been taken 16 times
    6 since last reset
  • The average score is 14 of 25
Answer Stats
Picture Answer % Correct
Robert James Fischer
100%
Viswanathan Anand
100%
Ding Liren
83%
Dommaraju Gukesh
83%
Garry Kasparov
83%
Hikaru Nakamura
83%
Magnus Carlsen
83%
Mikhail Tal
83%
Alireza Firouzja
67%
Fabiano Caruana
67%
Vincent Keymer
67%
Anatoly Karpov
50%
Anish Giri
50%
Arjun Erigaisi
50%
Hans Niemann
50%
Javokhir Sindarov
50%
Jose Raul Capablanca
50%
Paul Morphy
50%
Vladimir Kramnik
50%
Veselin Topalov
33%
Nodirbek Abdusattorov
17%
Praggnanandhaa Rameshbabu
17%
Vidit Santosh Gujrathi
17%
Le Quang Liem
0%
Miguel Najdorf
0%
No matching quizzes found
Score Distribution
Percent of People with Each Score
Percentile by Number Answered
Your Score History
You have not taken this quiz since the last reset